000 00896nam a2200253 a 4500
001 51030
003 BD-RJUL
005 20211209075612.0
008 160829s1952 enka 001 0 eng c
035 _a(BD-RJUL)51150
040 _aHarvard Univ. Library
_cGAT
_dSER
_dEQO
_dBD-RJUL
_beng
041 _aeng
082 _223
_a519.5
_bFRM 1952
090 _aHG8782
_b.F72
100 1 0 _aFreeman, Harry
_d1888-
_9152684
245 1 0 _aMathematics for actuarial students /
_cby Harry Freeman
250 _a1st ed.
260 _aCambridge :
_bPublished for the Institute of Actuaries at the University Press,
_c1939 [reprinted 1952]
300 _a2 v.
_bill. ;
_c22 cm.
500 _ainclude index
505 0 _aVol-2 --pt.1, elementary differential & integral calculus pt. II. Finite differences, probability & elementary statistics.
650 0 _aInsurance
_xMathematics.
_9145042
942 _2ddc
_cBK
999 _c51030
_d51030